Chemie pro 1. a 2. ročník hutnických odborných učilišť a učňovských škol /

Hlavní autor: Protiva, Karel
Jazyk: Čeština
Vydáno: Praha : Státní nakladatelství technické literatury, 1969
Vydání: 2., knižní vyd.
Edice: Řada hutnické literatury
Témata:
Fyzický popis: 272 s.
Knihy
Uloženo v:
LEADER 01062nam a22002771a 4500
001 000708105
003 CZ BrMZK
005 20231016143519.0
007 ta
008 040309s1969 xr e cze d
015 |a cnb000451256 
035 |a (OCoLC)42107510 
040 |a BOA001  |b cze  |c BOA001 
100 1 |a Protiva, Karel  |7 jx20050609026  |4 aut 
245 1 0 |a Chemie pro 1. a 2. ročník hutnických odborných učilišť a učňovských škol /  |c Karel Protiva 
246 1 4 |a Chemie pro 1. a 2. ročník OU a UŠ hutnických 
250 |a 2., knižní vyd. 
260 |a Praha :  |b Státní nakladatelství technické literatury,  |c 1969 
300 |a 272 s. 
490 1 |a Řada hutnické literatury 
830 0 |a Řada hutnické literatury  |0 s 
910 |a BOA001  |b 2-0626.612  |b PK-0041.017-69 
964 |a Chemie - učebnice - učiliště odborná hutnická 
990 |a BK 
996 7 |b 2619681721  |c 2-0626.612  |l HP2  |r DEN  |n 0  |w 000708105  |u 000020  |a 1  |e BOA001  |j MZK50  |s A 
996 6 |b BC-139207  |c PK-0041.017-69  |l MZK  |r Sklad / do 1 hodiny  |n 0  |w 000708105  |u 000010  |a 1  |e BOA001  |j MZK50  |s P